000
00303pab a2200121 454500
008
180718b xxu||||| |||| 00| 0 eng d
100
_a
Sreedharan, E
245
_a
Konkan Railway alignment in Goa State-true facts
650
_a
Konkan
650
_a
Railways
773
_a
Financial Express
909
_a
21889
999
_c
21889
_d
21889